|
|
|
|
| LEADER |
01433nam a2200361Ia 4500 |
| 001 |
EBC429979 |
| 003 |
MiAaPQ |
| 005 |
20200520144314.0 |
| 006 |
m o d | |
| 007 |
cr cn||||||||| |
| 008 |
030110s2005 enk sb 001 0 eng d |
| 020 |
|
|
|z 184407207X
|
| 035 |
|
|
|a (MiAaPQ)EBC429979
|
| 035 |
|
|
|a (Au-PeEL)EBL429979
|
| 035 |
|
|
|a (CaPaEBR)ebr10128860
|
| 035 |
|
|
|a (CaONFJC)MIL47628
|
| 035 |
|
|
|a (OCoLC)60691014
|
| 040 |
|
|
|a MiAaPQ
|c MiAaPQ
|d MiAaPQ
|
| 050 |
|
4 |
|a HC79.E5
|b G658 2005
|
| 245 |
0 |
0 |
|a Governance for sustainable development
|h [electronic resource] :
|b a foundation for the future /
|c edited by Georgina Ayre and Rosalie Callway.
|
| 260 |
|
|
|a London ;
|a Sterling, VA :
|b Earthscan Publications,
|c 2005.
|
| 300 |
|
|
|a xix, 216 p.
|
| 504 |
|
|
|a Includes bibliographical references and index.
|
| 533 |
|
|
|a Electronic reproduction. Ann Arbor, MI : ProQuest, 2015. Available via World Wide Web. Access may be limited to ProQuest affiliated libraries.
|
| 650 |
|
0 |
|a Sustainable development
|x International cooperation.
|
| 650 |
|
0 |
|a Sustainable development
|x Government policy.
|
| 650 |
|
0 |
|a Environmental protection
|x International cooperation.
|
| 650 |
|
0 |
|a Environmental policy.
|
| 655 |
|
4 |
|a Electronic books.
|
| 700 |
1 |
|
|a Ayre, Georgina.
|
| 700 |
1 |
|
|a Callway, Rosalie.
|
| 710 |
2 |
|
|a ProQuest (Firm)
|
| 856 |
4 |
0 |
|u https://ebookcentral.proquest.com/lib/matrademy/detail.action?docID=429979
|z Click to View
|